| 000 | 01212cam a2200301 a 4500 | ||
|---|---|---|---|
| 001 | 654485 | ||
| 003 | ARRUPE | ||
| 005 | 20141030020007.0 | ||
| 008 | 940929r19951974nyua b 001 0 eng | ||
| 010 | _a 94039458 | ||
| 020 | _a0486283186 (pbk.) | ||
| 040 |
_aDLC _cDLC _dDLC |
||
| 050 | 0 | 0 |
_aQC6 _b.C33 1994 |
| 100 | 1 |
_aCarnap, Rudolf, _d1891-1970. _98648 |
|
| 240 | 1 | 0 | _aPhilosophical foundations of physics |
| 245 | 1 | 3 |
_aAn introduction to the philosophy of science / _cRudolph Carnap ; edited by Martin Gardner. |
| 250 | _aDover ed. | ||
| 260 |
_aNew York : _bDover, _c1995. |
||
| 300 |
_axvi, 300 p. : _bill. ; _c22 cm. |
||
| 500 | _aOriginally published: Philosophical foundations of physics. New York : Basic Books, 1974. | ||
| 504 | _aIncludes bibliographical references (p. 293-295) and index. | ||
| 650 | 0 |
_aPhysics _xPhilosophy. _98649 |
|
| 700 | 1 |
_aGardner, Martin, _d1914-2010. _98650 |
|
| 856 | 4 | 2 |
_3Publisher description _uhttp://www.loc.gov/catdir/description/dover031/94039458.html |
| 906 |
_a7 _bcbc _corignew _d1 _eocip _f19 _gy-gencatlg |
||
| 942 |
_2lcc _cMONOGRAPH _06 |
||
| 999 |
_c120055 _d120055 |
||